Catalogue of the coins in the Macquarie University Museum of Ancient Cultures /

Saved in:
Bibliographic Details
Main Author: Nixon, Charles Edwin Vandervord, 1939-
Corporate Author: Macquarie University. Museum of Ancient Cultures.
Other Authors: Pitchfork, Colin E.
Format: Book
Language:English
Published: Sydney, N.S.W. : Macquarie University, in association with Noble Numismatics, 1996.
Subjects:
Tags: Add Tag
No Tags, Be the first to tag this record!
LEADER 01172nam a2200313 a 4500
001 007700536-8
005 20020606104010.5
008 971124s1996 at a bc 000 0 eng d
020 |a 1864083018 
035 0 |a ocm38828319 
040 |a AUT  |c AUT  |d HLS 
043 |a u-at-ne 
050 4 |a CJ215.A82  |b S93 1996 
100 1 |a Nixon, Charles Edwin Vandervord,  |d 1939- 
245 1 0 |a Catalogue of the coins in the Macquarie University Museum of Ancient Cultures /  |c C. E. V. Nixon ; with the assistance of Colin E. Pitchfork. 
260 |a Sydney, N.S.W. :  |b Macquarie University, in association with Noble Numismatics,  |c 1996. 
300 |a ix, 160 p. :  |b ill. ;  |c 24 cm. 
500 |a Numbered limited ed. of 100. 
504 |a Includes bibliographical references (p. 147-152). 
610 2 0 |a Macquarie University.  |b Museum of Ancient Cultures  |v Catalogs. 
650 0 |a Coins  |v Catalogs. 
650 0 |a Coins, Greek  |v Catalogs. 
650 0 |a Coins, Roman  |v Catalogs. 
650 0 |a Islamic coins  |v Catalogs. 
650 0 |a Coins, Byzantine  |v Catalogs. 
700 1 |a Pitchfork, Colin E. 
710 2 |a Macquarie University.  |b Museum of Ancient Cultures. 
988 |a 20020608 
906 |0 OCLC